000 00578cam a2200169 4500500
005 20251228045033.0
041 _afre
042 _adc
100 1 0 _aBlanchard, Benoît
_eauthor
700 1 0 _aPerraut Soliveres, Anne
_eauthor
700 1 0 _aVignes, Jean
_eauthor
245 0 0 _aAssises citoyennes du soin psychique vent debout
260 _c2024.
500 _a31
786 0 _nPratiques, les cahiers de la médecine utopique | 106 | 3 | 2024-10-01 | p. 11-11 | 0337-6400
856 4 1 _uhttps://stm.cairn.info/revue-pratiques-2024-3-page-11?lang=fr&redirect-ssocas=7080
999 _c1578271
_d1578271